Case Studies on Leading and Strategizing for Organizations Across Contexts (Record no. 370826)

MARC details
000 -LEADER
fixed length control field 00480nam a22001697a 4500
005 - DATE AND TIME OF LATEST TRANSACTION
control field 20260330171020.0
008 - FIXED-LENGTH DATA ELEMENTS--GENERAL INFORMATION
fixed length control field 260330b |||||||| |||| 00| 0 eng d
020 ## - INTERNATIONAL STANDARD BOOK NUMBER
International Standard Book Number 9789356406841
041 ## - LANGUAGE CODE
Language code of text/sound track or separate title eng
082 ## - DEWEY DECIMAL CLASSIFICATION NUMBER
Classification number 658.4012
Item number MIS B22775
100 ## - MAIN ENTRY--PERSONAL NAME
Author Mishra S
245 ## - TITLE STATEMENT
Title Case Studies on Leading and Strategizing for Organizations Across Contexts
Statement of responsibility, etc. 1st Ed.
260 ## - PUBLICATION, DISTRIBUTION, ETC.
Place of publication, distribution, etc. New Delhi
Name of publisher, distributor, etc. Bloomsbury
Date of publication, distribution, etc. 2023
300 ## - PHYSICAL DESCRIPTION
Extent 302p
500 ## - GENERAL NOTE
Keywords Strategic Management
942 ## - ADDED ENTRY ELEMENTS (KOHA)
Koha item type Reference book
Holdings
Withdrawn status Lost status Source of classification or shelving scheme Damaged status Not for loan Home library Current library Date acquired Vendor Net Price Bill number Total Checkouts Full call number Barcode Date last seen Actual Price Bill Date Koha item type Original Barcode
    Dewey Decimal Classification   Reference Smt. Hiraben Nanavati Institute of Management & Research for Women Smt. Hiraben Nanavati Institute of Management & Research for Women 29/01/2026 The Forward Books 1499.00 25295   658.4012 MIS B22775 HIMR-BK-22775 30/03/2026 1094.27 24/01/2026 Reference book B22775